000 00520cam a22002171 4500
001 sa 67002259
003 DLC
005 20260227112329.0
008 881102s1966 xx 000 0 urdo
010 _asa 67002259
035 _a(OCoLC)23540658
040 _aDLC
_cMiU
_dDLC
042 _apremarc
050 0 0 _aPK1971
_b.S325
100 1 _aSabzvārī, Shaukat,
_d1908-1973.
245 1 0 _aUrdū lisānīyāt.
260 _c[1966]
300 _a196 p.
_c23 cm.
500 _aRomanized.
650 0 _aUrdu philology
999 _c73162
_d73162